| 000 | 01185cam a22001934a 4500 | ||
|---|---|---|---|
| 005 | 20250605164103.0 | ||
| 008 | 250528s ||||||||||||||||||||||||d | ||
| 035 | _a17632 | ||
| 020 | _a9789605610647 | ||
| 040 |
_aGR-AtMCL _bgre _dGR-AtMCL _eAACR2 |
||
| 245 | 1 | _aΔελφοί / Ιστορικά Μνημεία της Ελλάδας: Αρχαία Ελλάδα | |
| 260 |
_bΣελένα Εκδοτική Α. Ε, _c2013 |
||
| 300 | _a72 | ||
| 520 | _aΗ ιστορία των Δελφών χάνεται στην προϊστορία και στους μύθους των Αρχαίων Ελλήνων. National Geographic. Εισαγωγικό Σημείωμα, Απο τη Μυθολογία στην Προϊστορία, Το Μαντείο των Δελφών, Οι χρησμοί της Πυθίας, Το Μαντείο και η Πόλη Κρίσσα, Τα Πύθια, Οι Αρχαιολογικές Ανασκαφές, Ο Αρχαιολογικός Χώρος, Το Μουσείο των Δελφών, Δελφικές Εορτές, Βιβλιογραφία. | ||
| 700 | 1 |
_aΚοπελιάδης Γιώργος _93825 |
|
| 942 | _cBK | ||
| 999 |
_c3034 _d3034 |
||